El secreto más grande del mundo / O. G. Mandino (Registro nro. 1001)

Detalles MARC
000 -LEADER
fixed length control field 00453nam a22001811a 4500
001 - CONTROL NUMBER
control field 1001
003 - CONTROL NUMBER IDENTIFIER
control field OSt
005 - DATE AND TIME OF LATEST TRANSACTION
control field 20260204211717.0
008 - FIXED-LENGTH DATA ELEMENTS--GENERAL INFORMATION
fixed length control field 040115s(19?||||xxu||||||b||||||||||spa||
050 ## - LIBRARY OF CONGRESS CALL NUMBER
Classification number 650.1 M313s
082 ## - DEWEY DECIMAL CLASSIFICATION NUMBER
Classification number 650.1 M313s
100 ## - ASIENTO PRINCIPAL -- NOMBRE PERSONAL
Personal name Mandino, O. G.
245 ## - TÍTULO PROPIAMENTE DICHO: SUBTÍTULO
Title El secreto más grande del mundo / O. G. Mandino
264 ## - PRODUCTION, PUBLICATION, DISTRIBUTION, MANUFACTURE, AND COPYRIGHT NOTICE
Place of production, publication, distribution, manufacture Estados Unidos de América : Diana
300 ## - PHYSICAL DESCRIPTION
Extensión 192 p.
650 ## - ASIENTO SECUNDARIO DE MATERIA -- TERMINO TEMÁTICO
Termino Temático Como Elemento de Entrada 1.Exito PersonalÌ
942 ## - ADDED ENTRY ELEMENTS (KOHA)
Source of classification or shelving scheme Dewey Decimal Classification
Koha item type Libros
Existencias
Withdrawn status Lost status Source of classification or shelving scheme Damaged status Not for loan Current library Date acquired Full call number Barcode Date last seen Price effective from Koha item type Total Checkouts
    Dewey Decimal Classification Dañado   Biblioteca UTECO 09/09/2019 650.1 M313S 005649 09/09/2019 09/09/2019 Libros  
    Dewey Decimal Classification     Biblioteca UTECO 09/09/2019 650.1 M313S 014401 09/09/2019 09/09/2019 Libros  
© 2021 Derechos Reservados UTECO - Teléfono: +1 809-585-2291 - Correo electrónico: biblioteca@uteco.edu.do​  
Código postal 43000 ​​
Dirección: Avenida Universitaria No. 100, 
Cotuí, Provincia Sánchez Ramírez, República Dominicana - RNC: 404-00059-6